Triathlon - Type, Words, Geography - Statistics

General Stats
  • This quiz has been taken 113 times
  • The average score is 9 of 22
Answer Stats
Part 1 Checkpoint % Correct
On your marks, get set... GO!
100%
How vexingly quick daft zebras jump!
64%
Quirky movement will jeopardize six gunboats.
64%
Pick sixty quippy zippers from the woven jute bag.
64%
The quaint raven perched on a coaxing palm frond.
63%
Grumpy wizards brew toxin for the evil jack and queen.
63%
Dumb
52%
Thumb
44%
Numb
43%
Plumb
38%
Crumb
33%
Argentina
31%
Bolivia
31%
Venezuela
31%
France
30%
Uruguay
30%
Peru
29%
Colombia
28%
Guyana
28%
Paraguay
28%
Suriname
28%
Succumb
13%
No matching quizzes found
Score Distribution
Percent of People with Each Score
Percentile by Number Answered
Your Score History
You have not taken this quiz